Catàleg del Col·legi de Periodistes de Catalunya

Youtube : (Registre núm. 8027)

000 -CABECERA
Longitud fija campo de control 01098cam a22002894i 4500
001 - NÚMERO DE CONTROL
Número de control 991061120159806706
003 - IDENTIFICADOR DEL NÚMERO DE CONTROL
Identificador del número de control OSt
005 - FECHA Y HORA DE LA ÚLTIMA TRANSACCIÓN
Fecha y hora de la última transacción 20250618105525.0
008 - CÓDIGOS DE INFORMACIÓN DE LONGITUD FIJA
Códigos de información de longitud fija 240514s2024 sp ad 001 0 spa|c
020 ## - NÚMERO INTERNACIONAL NORMALIZADO PARA LIBROS
Número Internacional Normalizado para Libros (ISBN) 9788441549104
040 ## - FUENTE DE LA CATALOGACIÓN
Centro transcriptor CDMR
Lengua de catalogación cat
100 1# - PUNTO DE ACCESO PRINCIPAL-NOMBRE DE PERSONA
Nombre de persona Eves, Derral,
Término indicativo de función autor
245 10 - MENCIÓN DE TÍTULO
Título Youtube :
Resto del título la fórmula mágica : cómo usar el algoritmo para aumentar las visualizaciones, crear una audiencia y generar más ingresos /
Mención de responsabilidad, etc. Derral Eves
264 #1 - PRODUCCIÓN, PUBLICACIÓN , DISTRIBUCIÓN, FABRICACIÓN Y COPYRIGHT
Lugar de producción, publicación, distribución, fabricación Madrid :
Nombre del productor, editor, distribuidor, fabricante Ediciones Anaya Multimedia (Grupo Anaya, S.A.U.),
Fecha de de producción, publicación, distribución, fabricación o copyright [2024]
300 ## - DESCRIPCIÓN FÍSICA
Extensión 293 pàgines :
Otras características físicas il·lustracions en blanc i negre, gràfics ;
Dimensiones 23 cm
490 1# - MENCIÓN DE SERIE
Mención de serie Social Business
500 ## - NOTA GENERAL
Nota general Índex
500 ## - NOTA GENERAL
Nota general Traducció de: The Youtube formula. How anyone can unlock the algorithm to drive views, build an audience, and grow revenue
610 27 - PUNTO DE ACCESO ADICIONAL DE MATERIA - NOMBRE DE ENTIDAD CORPORATIVA
Nombre de entidad corporativa o nombre de jurisdicción como elemento inicial YouTube (Firma)
650 #7 - PUNTO DE ACCESO ADICIONAL DE MATERIA - TÉRMINO DE MATERIA
Término de materia o nombre geográfico como elemento inicial Algorismes
650 #7 - PUNTO DE ACCESO ADICIONAL DE MATERIA - TÉRMINO DE MATERIA
Término de materia o nombre geográfico como elemento inicial Màrqueting per Internet
650 #7 - PUNTO DE ACCESO ADICIONAL DE MATERIA - TÉRMINO DE MATERIA
Término de materia o nombre geográfico como elemento inicial Influenciadors (Internet)
650 #0 - PUNTO DE ACCESO ADICIONAL DE MATERIA - TÉRMINO DE MATERIA
Término de materia o nombre geográfico como elemento inicial Comunicació audiovisual
9 (RLIN) 2084
650 #0 - PUNTO DE ACCESO ADICIONAL DE MATERIA - TÉRMINO DE MATERIA
Término de materia o nombre geográfico como elemento inicial Xarxes socials en línia
9 (RLIN) 3128
830 #0 - PUNTO DE ACCESO ADICIONAL DE SERIE - TÍTULO UNIFORME
Título uniforme Social business
942 ## - ENTRADA DE ELEMENTOS AGREGADOS (KOHA)
Fuente de clasificaión o esquema
Koha [por defecto] tipo de item Monografies
Fons
Suprimido Perdido Estropeado No para préstamo Localización permanente Localización actual Fecha adquisición Fuente de adquisición Coste, precio normal de compra Signatura completa Código de barras Fecha última consulta Fecha del precio de reemplazo Tipo de item de Koha
        Centre de Documentació Montserrat Roig Centre de Documentació Montserrat Roig 2025-06-18 Donació 24.65 Fa 12/11 CDMR25061259 2025-06-18 2025-06-18 Monografies

Implantat amb Koha